Statistics for Heineken Champions Cup Winners

Click here to take the quiz!

General Stats

  • This quiz has been taken 31 times
    (10 since last reset)
  • The average score is 25 of 28

Answer Stats

YearClubScoreRunners-Up% Correct
2022-23La Rochelle27 - 26Leinster
100%
2021-22La Rochelle25 - 22Leinster
100%
2011-12Leinster42 - 14Ulster
100%
2010-11Leinster33 - 22Northampton Saints
100%
2008-09Leinster19 - 16Leicester Tigers
100%
2017-18Leinster15 - 12Racing 92
100%
2005-06Munster23 - 19Biarritz
100%
2007-08Munster16 - 13Toulouse
100%
2016-17Saracens28 - 17Clermont
100%
2015-16Saracens21 - 9Racing 92
100%
2018-19Saracens20 - 10Leinster
100%
2014-15Toulon24 - 18Clermont
100%
2013-14Toulon23 - 6Saracens
100%
2012-13Toulon16 - 15Clermont
100%
2002-03Toulouse22 - 17Perpignan
100%
2004-05Toulouse18 - 12Stade Francais
100%
1995-96Toulouse21 - 18Cardiff
100%
2020-21Toulouse22 - 17La Rochelle
100%
2009-10Toulouse21 - 19Biarritz
100%
1998-99Ulster21 - 6Colomiers
100%
2003-04London Wasps27 - 20Toulouse
90%
2006-07London Wasps25 - 9Leicester Tigers
90%
1997-98Bath19 - 18Brive
70%
1996-97Brive28 - 9Leicester Tigers
70%
2001-02Leicester Tigers15 - 9Munster
60%
2000-01Leicester Tigers34 - 30Stade Francais
60%
2019-20Exeter Chiefs31 - 27Racing 92
50%
1999-00Northampton Saints9 - 8Munster
40%

Score Distribution

Percentile by Number Answered

Percent of People with Each Score

Your Score History

You have not taken this quiz since the last reset